| 000 | 00889nam a22002897a 4500 | ||
|---|---|---|---|
| 001 | 6264 | ||
| 003 | FISKH | ||
| 005 | 20250407142403.0 | ||
| 008 | 250407b cb ||||| |||| 00| 0 eng d | ||
| 020 | _a9780590409230 | ||
| 040 |
_aFISKH _beng _cFISKH _dFISKH |
||
| 050 | _aPZ7.M1336 B | ||
| 082 | _a823 | ||
| 100 |
_aMcCloskey, Robert _d (1914–2003) |
||
| 245 |
_aBlueberries for Sal / _cBy Robert McCloskey |
||
| 250 | _aThis edition first published in 1987 | ||
| 260 |
_aNew York : _bScholastic, _c1976 |
||
| 300 |
_a54 pages : _billustrator _c20 cm x 23 cm |
||
| 505 | _aP | ||
| 520 | _aLittle Sal and Little Bear both lose their mothers while eating blueberries and almost end up with the other's mother. | ||
| 521 | 8 |
_a600
_bLexile |
|
| 521 | 8 |
_aP
_bRaz-Plus |
|
| 650 |
_2Bears _aFiction |
||
| 650 |
_2Maine _aPicture book |
||
| 942 |
_2ddc _cBK _n0 |
||
| 999 |
_c6264 _d6264 |
||